The discovery of América by Christopher Columbus / (Record no. 33300)
[ view plain ]
| 000 -CABECERA | |
|---|---|
| campo de control de longitud fija | 00435nam a2200145 a 4500 |
| 001 - NÚMERO DE CONTROL | |
| campo de control | 000033809 |
| 005 - FECHA Y HORA DE LA ÚLTIMA TRANSACCIÓN | |
| campo de control | 20200930070533.0 |
| 008 - DATOS DE LONGITUD FIJA--INFORMACIÓN GENERAL | |
| campo de control de longitud fija | 110912s1892 000 0 spa d |
| 040 ## - FUENTE DE LA CATALOGACIÓN | |
| Centro catalogador/agencia de origen | DO-SdBNP |
| Lengua de catalogación | spa |
| Centro/agencia transcriptor | BNPHU |
| 082 ## - NÚMERO DE LA CLASIFICACIÓN DECIMAL DEWEY | |
| Número de clasificación | xxx |
| Número de documento/Ítem | H155d |
| 100 1# - ENTRADA PRINCIPAL--NOMBRE DE PERSONA | |
| Nombre de persona | Hakes, Harry |
| 9 (RLIN) | 59233 |
| 245 10 - MENCIÓN DE TÍTULO | |
| Título | The discovery of América by Christopher Columbus / |
| Mención de responsabilidad, etc. | Harry Hakes. |
| 260 ## - PUBLICACIÓN, DISTRIBUCIÓN, ETC. | |
| Lugar de publicación, distribución, etc. | s.l., : |
| Nombre del editor, distribuidor, etc. | Robert Baur y Son, Printers, |
| Fecha de publicación, distribución, etc. | 1892. |
| 300 ## - DESCRIPCIÓN FÍSICA | |
| Extensión | 132 p. ; |
| Dimensiones | 19 cm. |
| Estado de retiro | Estado de pérdida | Restricciones de uso | No para préstamo | Código de colección | Localización permanente | Ubicación/localización actual | Ubicación en estantería | Fecha de adquisición | Número de inventario | Total de préstamos | Signatura topográfica completa | Código de barras | Fecha visto por última vez | Precio válido a partir de | Tipo de ítem Koha |
|---|---|---|---|---|---|---|---|---|---|---|---|---|---|---|---|
| Monografías: Libros y Folletos | Patrimonio Dominicano | Patrimonio Dominicano | Orden iniciada | 12.09.2011 | LF1 | xxx H155d | 33809-10 | 25.06.2020 | 25.06.2020 | No se presta |
